Catalog

Record Details

Catalog Search



Auf Transport! : deutsche Stationen "sichergestellter" jüdischer und freimaurerischer Bibliotheken aus Frankreich und den Niederlanden (1940-1949) / Gottfried-Wilhelm-Leibniz-Bibliothek

Record details

  • ISBN: 3-8271-8818-0
  • Physical Description: 64 s. : il.
  • Publisher: Hameln : CW Niemeyer Buchverlage, 2005

Content descriptions

Bibliography, etc. Note:
Obsahuje bibliografii

Available copies

  • 1 of 1 copy available at Common Catalog SPOK.

Holds

  • 0 current holds with 1 total copy.
Show All Copies
Location Call Number / Copy Notes Barcode Shelving Location Status Due Date
Terezin Initiative Institute 5187 4594305187 Knihovna ITI Available -

LDR 00897nam a2200253 a 4500
00127644
003CZ-PrJAB
00520221102104534.0
008060125s2005 gw gr 0 gero
020 . ‡a3-8271-8818-0
035 . ‡a(CONS)2465
035 . ‡a(CZ PrSKC)zmp000026761
040 . ‡aABE323 ‡bcze
080 . ‡a296
24500. ‡aAuf Transport! : ‡bdeutsche Stationen "sichergestellter" jüdischer und freimaurerischer Bibliotheken aus Frankreich und den Niederlanden (1940-1949) / ‡cGottfried-Wilhelm-Leibniz-Bibliothek
260 . ‡aHameln : ‡bCW Niemeyer Buchverlage, ‡c2005
300 . ‡a64 s. : ‡bil.
4901 . ‡aLesesaal ; ‡vHeft 18
504 . ‡aObsahuje bibliografii
7102 . ‡aGottfried-Wilhelm-Leibniz-Bibliothek ‡4edt
7102 . ‡aNiedersächsische Landesbibliothek ‡4edt
830 0. ‡aLesesaal
8524 . ‡bJACH-ITI ‡bJACH-ITI ‡cKnihovna ITI ‡j5187 ‡p5187 ‡y$0.00
910 . ‡aABE340 ‡b5187
995 . ‡askok
901 . ‡a27644 ‡bISxN ‡c27644 ‡tbiblio

Additional Resources